Statistiques concernant Les Plus Grands Guitaristes

Cliquez ici pour prendre le quiz!

Statistiques générales

  • Ce quiz a été pris 185 fois
    (182 depuis la dernière actualisation)
  • Le résultat moyen est 10 sur 25

Statistiques - réponses

GroupesTitre principalRang selon le magazine
Rolling Stone
Guitariste% Correct
The ... .... ExperienceHey Joe1Jimi Hendrix
76%
NirvanaSmells Like Teen Spirit73Kurt Cobain
73%
Guns N' RosesSweet Child O'Mine65Slash
73%
Van HalenAin’t Talking ‘Bout Love8Eddie Van Halen
69%
QueenBohemian Rhapsody26Brian May
64%
AC/DCHighway To Hell24Angus Young
61%
CreamSunshine of Your Love2Eric Clapton
58%
Led ZeppelinStairway To Heaven3Jimmy Page
57%
Pink FloydComfortably Numb14David Gilmour
55%
The BeatlesDay Tripper11George Harrison
51%
Dire StraitsSultans of Swings44Mark Knopfler
51%
Red Hot Chili PeppersCalifornication72John Frusciante
43%
The Rolling Stones(I Can't Get No) Satisfaction4Keith Richards
43%
MetallicaMaster of Puppets87James Hetfield
38%
The White StripesSeven Nation Army70Jack White
34%
U2I Will Follow38The Edge
32%
ZZ TopLa Grange32Billy Gibbons
22%
AerosmithWalk This Way84Joe Perry
21%
Deep PurpleSmoke on the Water50Ritchie Blackmore
18%
The WhoMy Generation10Pete Townshend
13%
The DoorsLight My Fire76Robby Krieger
13%
RadioheadCreep48Jonny Greenwood
12%
The PoliceEvery Breath You Take85Andy Summers
10%
The KinksYou Really Got Me91Dave Davies
9%
The SmithsThis Charming Man51Johnny Marr
6%

Distribution des résultats

Percentile par nombre de réponses

% des personnes avec chaque résultat

Votre développement - résultats

Vous n’avez pas pris ce quiz depuis la dernière actualisation